Manual de derecho cooperativo general y catalǹ

Bibliographic Details
Main Author: Borjabad Gonzalo, Primitivo
Format: Unknown
Language:Spanish
Published: Barcelona : Jose Maria Bosch, 1993
Subjects:
Online Access:Acceso restringido

MARC

LEADER 00000ny a22000003n 4500
005 20110607112713.0
008 960213s1993 sp s 000 0 spa c
017 |a Z2630-93 
020 |a 8476982631 
035 |a 1153 
040 |a UCM.DER  |d vLex 
040 |a UMA.RE  |d vLex 
080 |a 334.73:347.7(460) 
080 |a 334.73:347.7(460.23) 
080 |a 347.7:334.73(460) 
080 |a 347.7:334.73(460.23) 
090 |c 520  |d 520 
100 1 |a Borjabad Gonzalo, Primitivo 
245 1 0 |a Manual de derecho cooperativo general y catalǹ  |h [Recurso electrn̤ico]  |c Primitivo Borjabad Gonzalo 
256 |a Servicio en ln̕ea 
260 |a Barcelona :  |b Jose Maria Bosch,  |c 1993 
300 |a 534 p. ;  |c 24 cm 
504 |a Bibliografa̕ 
506 1 |a Contenido solo disponible en los productos indicados  |d vLex Global  |d vLex Global (Academic Edition, excluding Law Schools)  |d vLex Global (U.S. Academic Edition, Law Schools)  |d vLex Global (U.S. Academic Edition, excluding Law Schools)  |d vLex Global (Academic Edition, Law Schools) 
650 0 7 |a Cooperativas  |2 Tesauro vLex 
650 0 7 |a Civil  |2 Tesauro vLex 
650 0 7 |a Sociedades cooperativas  |2 Tesauro vLex 
740 0 |a vLex Libros (Servicios en ln̕ea) 
856 4 0 |u http://vlex.com/source/1153  |z Acceso restringido 
942 |c BOOK 
999 0 |a Civil Law   |b Barcelona